Acta Juridica / (Record no. 2791)

MARC details
000 -LEADER
fixed length control field 00663nam a22002177a 4500
005 - DATE AND TIME OF INPUT
control field 20241212091123.0
008 - DATA ELEMENTS--GENERAL INFORMATION
fixed length control field 240822b |||||||| |||| 00| 0 eng d
020 ## - INTERNATIONAL STANDARD BOOK NUMBER
International Standard Book Number 0702110175
041 ## - LANGUAGE CODE
Language code of text English
082 ## - SHELF NUMBER
DDC number 349 ACT
100 ## - MAIN AUTHOR
Language of a work English
245 ## - TITLE STATEMENT
Title Acta Juridica /
Statement of responsibility, etc. edited by W de Vos and I Leeman
260 ## - PUBLICATION, DISTRIBUTION, ETC.
Place of publication, distribution, etc. Cape Town:
Name of publisher, distributor, etc. Juta and Company Ltd,
Date of publication, distribution, etc. 1979
300 ## - PHYSICAL DESCRIPTION
Other physical details xii, 434 pages;
Dimensions 25 cm.
650 ## - SUBJECT`
Broad subject Legal practice
650 ## - SUBJECT`
Broad subject Law
700 ## - OTHER AUTHORS
Other authors' name TW Bennett
titles/words associated with name (Editorial Assistants)
700 ## - OTHER AUTHORS
Other authors' name JE Schiller
titles/words associated with name (Editorial Assistants)
700 ## - OTHER AUTHORS
Other authors' name JL Staitz
titles/words associated with name (Editorial Assistants)
942 ## - ADDED ENTRY ELEMENTS (KOHA)
Item type Books
942 ## - ADDED ENTRY ELEMENTS (KOHA)
-- ALISON_BN_VRIES
Holdings
Source of classification or shelving scheme Not for loan Collection code Home library Current library Shelving location Date acquired Full call number Barcode Price effective from Koha item type
Dewey Decimal Classification   ACTA JURIDICA LAW SOCIETY OF NAMIBIA LIBRARY - WINDHOEK LAW SOCIETY OF NAMIBIA LIBRARY - WINDHOEK ACTA JURIDICA 08/22/2024 349 ACT LSN/2023/3891 08/22/2024 Books